000 01135 am a2200313ua 4500
999 _c200434998
_d53210
001 200434998
003 TR-AnTOB
005 20200214160110.0
007 ta
008 181231s2018 tu ah 001*01tur d
020 _a9789751635518
040 _aTR-AnTOB
_beng
_erda
_cTR-AnTOB
_dTR-AnTOB
041 0 _atur
050 _aMT3.T87
_bT57 2018
090 _aMT3.T87
_bT57 2018
100 1 _aTıraşcı, Mehmet
_4author
_9123750
245 1 0 _aKitabü keşfi'l-hümum ve'l-kürab fî şerhi âleti't-tarab isimli anonim musiki eseri /
_cDoç. Dr. Mehmet Tıraşçı.
264 1 _aAnkara :
_bAtatürk Kültür Merkezi Başkanlığı,
_c2018.
300 _a587 pages :
_c23 cm
336 _2rdacontent
_atext
_btxt
337 _2rdamedia
_aunmediated
_bn
338 _2rdacarrier
_avolume
_bnc
490 0 _aAKDTYK Atatürk Kültür Merkezi Başkanlığı Yayını ;
_v504.
490 0 _aAraştırma-İnceleme dizisi ;
_v154.
504 _aIncludes bibliographical references ( 579-584 ) and index ( 585-586 )
650 7 _aMüzik
_zTürkiye
_xTarih ve eleştiri
_2etuturkob
_912031
942 _2lcc
_cBK